Statistics for Sonic Mania Zones

Click here to take the quiz!

General Stats

  • This quiz has been taken 44 times
  • The average score is 10 of 13

Answer Stats

#Zone% Correct
1Green Hill Zone
100%
2Chemical Plant Zone
91%
4Flying Battery Zone
85%
5Press Garden Zone
85%
3Studiopolis Zone
85%
7Hydrocity Zone
76%
6Stardust Speedway Zone
76%
8Mirage Saloon Zone
70%
9Oil Ocean Zone
70%
12Titanic Monarch Zone
70%
10Lava Reef Zone
67%
11Metallic Madness Zone
58%
13Egg Reverie Zone
45%

Score Distribution

Percentile by Number Answered

Percent of People with Each Score

Your Score History

You have not taken this quiz